000 00866cam a2200301 a 4500
001 22655
003 SK-KTurca
005 20260415134248.0
008 181130s2015 xo e 000 f slo
015 _aSNBA2016/03
020 _a9788081145735
_q(brož.)
035 _aurn:nbn:sk:snk-am00azh7
035 _aurn:nbn:sk:snk-am3h8fa
035 _a22CDC19F-CD48-4904-AFA9-8913D513D66E
040 _aSNK
_bslo
_cSNK
_eAACR2
041 0 _aslo
044 _axo
_cSK
072 7 _a821.162.4-3
_xSlovenská próza
_2konspekt
080 _a821.162.4-31
_22011
100 1 _aBlšáková, Mária,
_d1967-
_4aut
245 1 0 _aA čo ak preplo im
_cMária Blšáková
250 _a1. vyd.
260 _aBratislava
_bMarenčin PT
_c2015
300 _a254 s.
_c17 cm
655 7 _aslovenské romány
_2SNKPH
655 7 _aSlovak fiction
_2SNKPHeng
942 _2ddc
_cKLDO
_n0
999 _c22655
_d22655